Kitâb fî tartîb awqât al-girâsa wa-l-magrûsât : (Record no. 41044)
[ view plain ]
| 000 -CABECERA | |
|---|---|
| campo de control de longitud fija | 00774nam a2200181 a 4500 |
| 001 - NÚMERO DE CONTROL | |
| campo de control | 000041554 |
| 005 - FECHA Y HORA DE LA ÚLTIMA TRANSACCIÓN | |
| campo de control | 20201002035633.0 |
| 008 - DATOS DE LONGITUD FIJA--INFORMACIÓN GENERAL | |
| campo de control de longitud fija | 131011s1990 sp a 000 0 spa d |
| 020 ## - NÚMERO INTERNACIONAL ESTÁNDAR DEL LIBRO | |
| Número Internacional Estándar del Libro | 8400070933 |
| 040 ## - FUENTE DE LA CATALOGACIÓN | |
| Centro catalogador/agencia de origen | DO-SdBNP |
| Lengua de catalogación | sp |
| Centro/agencia transcriptor | BNPHU |
| 082 ## - NÚMERO DE LA CLASIFICACIÓN DECIMAL DEWEY | |
| Número de clasificación | xxx |
| Número de documento/Ítem | K622t |
| 245 00 - MENCIÓN DE TÍTULO | |
| Título | Kitâb fî tartîb awqât al-girâsa wa-l-magrûsât : |
| Resto del título | un tratado agrícola andalusí anónimo / |
| Mención de responsabilidad, etc. | edición, traducción y estudio con glosario de Angel C. López y López. |
| 260 ## - PUBLICACIÓN, DISTRIBUCIÓN, ETC. | |
| Lugar de publicación, distribución, etc. | Granada : |
| Nombre del editor, distribuidor, etc. | Consejo Superior de Investigaciones Científicas, |
| -- | Escuela de Estudios Árabes, |
| Fecha de publicación, distribución, etc. | 1990. |
| 300 ## - DESCRIPCIÓN FÍSICA | |
| Extensión | 410 p. : |
| Otras características físicas | il., ; |
| Dimensiones | 24 cm. |
| 500 ## - NOTA GENERAL | |
| Nota general | Incluye referencias bibliográficas y notas al pie de las páginas. |
| 504 ## - NOTA DE BIBLIOGRAFÍA, ETC. | |
| Nota de bibliografía, etc. | Bibliografía: p. 395-410 |
| 700 12 - PUNTO DE ACCESO ADICIONAL--NOMBRE DE PERSONA | |
| Nombre de persona | López y López, Ángel C. |
| Término indicativo de función/relación | ed. |
| 9 (RLIN) | 68295 |
| Estado de retiro | Estado de pérdida | Restricciones de uso | No para préstamo | Código de colección | Localización permanente | Ubicación/localización actual | Ubicación en estantería | Fecha de adquisición | Número de inventario | Total de préstamos | Signatura topográfica completa | Código de barras | Fecha visto por última vez | Precio válido a partir de | Tipo de ítem Koha |
|---|---|---|---|---|---|---|---|---|---|---|---|---|---|---|---|
| Excluido de préstamo | Monografías: Libros y Folletos | General | General | En catalogación | 11.10.2013 | LF1 | xxx K622t | 41554-10 | 25.06.2020 | 25.06.2020 | No se presta |
